Регионална библиотека "Любен Каравелов" - Русе

Приказки (Запис номер 4419)

MARC детайли
000 -Лидер
Контролно поле с фиксирана дължина 01414nam a2200337 c 4500
003 - Код на организацията, давaща контролен номер
Контролно поле BLK
005 - Дата и час на последна редакция
Контролно поле 20180422093453.0
008 - Елементи от данни с фиксирана дължина
fixed length control field 180412b bul|||||r ||||||| ||bul||
010 ## - Наследен системен номер
LC control number KNG00005561000
020 ## - Международен стандартен номер на книга ISBN
Международен стандартен номер на книга ISBN 954-527-042-Х
-- издат.: Дамян Яков - на том(т. 3)
040 ## - Източник на каталожния запис
Идентификатор на билиотеката - собственик на записа BLK
041 ## - Код за език
Код за езика на текст/звукозапис или на отделно заглавие Български
Код за езика КДБФ Български
080 ## - УДК
Текстов определител УДК Немска литература
УДК код - определител по УДК 821.112.2
УДК определител -93-34
УДК - код + определител 821.112.2-93-34
100 1# - Редна дума - Автор
Автор Хауф, Вилхелм
Авторска отговорност първи автор
R(LIN) 241918
139 ## - Редно поле
Редна дума Хауф, Вилхелм
Авторски знак Хауф - Х 33
245 10 - Сведения за заглавието
Заглавие Приказки
Подзаглавни данни Т. 1 -
Редно поле (дума) Вилхелм Хауф; ил. Борислав Ждребев; прев. на том Весела Петрова.
Том Т. 3
257 ## - Страна на издаване
Страна на създаване/издаване Германия
260 ## - Област на издателските данни
-- София
Година на издаване 1994 -
Печатница Враца : Полипринт
300 ## - Физическа характеристика
Размери/Мащаб 21 см
380 ## - Жанр
Жанр Детска худож. лит.
490 1# - СЕРИИ (Колекции)
Име на серия Библиотека Грaхови зърна
500 ## - Общи забележки
Забележка Офс. изд.
700 1# - Други автори (авторска отговорност)
Лично име Ждребев, Борислав
Автороска отговорност (Описва отношението между автора и произведението) ил.
9 (RLIN) 248644
700 1# - Други автори (авторска отговорност)
Лично име Петрова, Весела
Автороска отговорност (Описва отношението между автора и произведението) прев. на том
9 (RLIN) 363689
760 1# - Описание на основната серия
-- - на том(т. 3)
Редна дума на основното описание Хауф, Вилхелм
Място на издаване, издател и година Дамян Яков, 1994
Страници - том 184 с. : с ил.
Забележка - том Прев. е направен от Marchen / Wilhelm Hauff
Заглавие Т. 3
852 ## - Местоположение
Форматна сигнатура Цб 192135
856 4# - Електронен адрес и достъп
Електронен формат pdf - файл
Път до файла /url/
856 4# - Електронен адрес и достъп
Електронен формат pdf - файл
Път до файла /url/
942 ## - АРТИКУЛИ
Вид на библиотечния материал Книги
Скрит в OPAC Не
944 ## - СЪЗДАВАНЕ И РЕДАКЦИЯ на ЗАПИСА
Създаване/Редакция Създаване
Дата на регистрацията/редакция 15.01.2003
Служител, извършил регистрацията/редакцията Геновева_Генчева
944 ## - СЪЗДАВАНЕ И РЕДАКЦИЯ на ЗАПИСА
Създаване/Редакция Редакция
Дата на регистрацията/редакция 26.09.2017
Служител, извършил регистрацията/редакцията Севдалина_Василева
999 ## - СИСТЕМНИ КОНТРОЛНИ НОМЕРА
Koha biblionumber 4419
Koha biblioitemnumber 4419
Наличности
Код за отписване Код за изгубен артикул Източник на класификационната схема Код за повреда Коз за рестрикции Код за отдаване Артикулен № Име на библиотеката - собственик Име на библиотеката, в която се намира в момента Статус (Текущо местоположение) Дата на вписване в системата Местоположение - отдел Цена в лева Инвентарен номер Систематично азбучна сигнатура Баркод Номер на екземпляра Цена в евро Служебна бележка Служебен тип на артикула Бележка за публиката
  Не е изгубен Universal Decimal Classification Не е повреден без рестрикции ползва се в читалня 7840 Регионална библиотека "Любен Каравелов" Русе Регионална библиотека "Любен Каравелов" Русе Хранилище 2001-01-01 Хранилище 0.59 609448 Цб 192135 120000609448 1 0.30 Дост: Dp Вид: Д N: 3 Дата: 01.01.1995 Книги  
Изтеглен Не е изгубен   Не е повреден без рестрикции заемане за дома 7841 Регионална библиотека "Любен Каравелов" Русе Регионална библиотека "Любен Каравелов" Русе Детски отдел 1994-01-01 Детски отдел 1.22 607369 Д 820/899/Х 33 607369 2 0.62 Дост: Pk Вид: Ф N: стар фонд Дата: 01.01.1994 Дата инв: 17.09.2015 Бележки инв: Д2015 Книги  
Изтеглен Не е изгубен   Не е повреден без рестрикции заемане за дома 7842 Регионална библиотека "Любен Каравелов" Русе Регионална библиотека "Любен Каравелов" Русе   1994-01-01 Детски отдел 1.22 607370 Д 820/899/Х 33 607370 3 0.62 Дост: Pk Вид: Ф N: стар фонд Дата: 01.01.1994 Дата инв: 17.09.2015 Бележки инв: Д2015 Книги Отч.N: 39/2017 , Дата: 07.09.2017
  Не е изгубен Universal Decimal Classification Не е повреден без рестрикции заемане за дома 7843 Регионална библиотека "Любен Каравелов" Русе Регионална библиотека "Любен Каравелов" Русе Детски отдел 1994-01-01 Детски отдел 2.00 638172 Д 820/899/Х 33 120000638172 4 1.02 Дост: Pk Вид: Ф N: стар фонд Дата: 01.01.1994 Дата инв: 17.09.2015 Бележки инв: Д2015 Книги  
Vip Innovations Ltd, Rousse, Bulgaria 2025